000 01258nam a2200277Ia 4500
999 _c47221
_d47221
001 14081
003 GE_BSU
005 20241028155601.0
008 181216s2011||||ge |||||||||||||| ||geo||
020 _a9789941192593
040 _cGE_BSU
041 _ageo
080 _a821.353.1-31 ჯ-14
100 _aჯავახიშვილი, მიხეილ
_91373
245 _aარსენა მარაბდელი : წიგნი II :
_bშვიდტომეული ტ.5 /
_cსარედ. ჯგუფი : ზურაბ აბაშიძე, მანანა ჯანელიძე, ირმა ხარშილაძე.
264 _aთბილისი :
_bპალიტრა L,
_c2011.
300 _a342 გვ. ;
_c20 სმ.
490 _aჩემი რჩეული
_vტ.15
541 _h8ლ.
653 _aარსენა მარაბდელი.წიგნი II
653 _aშვიდტომეული. ტ.5
700 _aაბაშიძე, ზურაბ
_eრედაქტორი
_91322
700 _aჯანელიძე, მანანა
_eრედაქტორი
_91323
700 _aხარშილაძე, ირმა
_923527
942 _cBK
_2udc